Vláda si schválila účet za rok 1995
Štátny záverečný účet za rok 1995. Zámer štátneho záverečného účtu. Podiel dlžníkov podľa podnikateľskej formy na daňových nedoplatkoch. Čerpanie prostriedkov zo štátneho rozpočtu v r.1995.
Na minha lista:
| Autor principal: | |
|---|---|
| Formato: | Capítulo de Livro |
| Idioma: | eslovaco |
| Assuntos: | |
| Tags: |
Sem tags, seja o primeiro a adicionar uma tag!
|
MARC
| LEADER | 00000naa a2200000 4500 | ||
|---|---|---|---|
| 001 | r021046 | ||
| 005 | 20251104124117.3 | ||
| 041 | 0 | |a slo | |
| 044 | |a SK | ||
| 245 | 1 | 0 | |a Vláda si schválila účet za rok 1995 |c Alica Ďurianová |
| 520 | |a Štátny záverečný účet za rok 1995. Zámer štátneho záverečného účtu. Podiel dlžníkov podľa podnikateľskej formy na daňových nedoplatkoch. Čerpanie prostriedkov zo štátneho rozpočtu v r.1995. | ||
| 610 | 2 | 0 | |a účet záverečný štátny |
| 610 | 2 | 0 | |a Slovensko |
| 610 | 2 | 0 | |a 1995 |
| 610 | 2 | 0 | |a únik daňový |
| 610 | 2 | 0 | |a dlžníci |
| 610 | 2 | 0 | |a rozpočet štátny |
| 100 | 1 | |a Ďurianová, Alica | |